01423nam a2200289 a 450000100100000000500170001000800410002702000150006804000250008308200150010810000350012324500980015826000650025630000210032149000240034250000700036650400300043659000260046650000420049256300610053474000530059583000300064895202060067895201130088495201190099799900170111600002231620200930011701.0100927s2001 dr 000 0 spa d a1881715841 aDO-SdBNPbspacBNPHU axxxbP438j1 aPérez Morales, Carlos94607513aLa jeografía ;bEugenio María de Hostos maestro de geografía /cCarlos Pérez Morales. aSan Juan, Puerto Rico :aSanto Domingo :bIsla Negra,c2001. a102 p. ;c23 cm.1 aVisiones y cegueras aIncluye datos biográficos del autor en la solapa de la cubierta aBibliografía : p. 79-86 aInventariado, 2019/VM aIncluye notas al pie de las páginas aDos obras encuadernadas juntas con paginación continua0 aEugenio María de Hostos maestro de geografía 0aVisiones y cegueras91120 001054708DSaGRbGRcHDd2015-06-23iLF1l0oxxx P438jp22316-30r2020-06-25te. 3w2020-06-25yLFDSzPerteneció a la biblioteca personal de Chiqui Vicioso / Fidelio Despradel.ZPréstamo en sala 0010718PDaPDbPDcHDd2010-09-27iLF1l0oxxx P438jp22316-10r2020-06-25w2020-06-25yLFPDZNo se presta 0010718PDaPDbPDcHDd2010-09-27iLF1l0oxxx P438jp22316-20r2020-06-25te. 2w2020-06-25yLFPDZNo se presta c21814d21814